Riadenie interkultúrnych tímov na Slovensku a v krajinách Južnej Európy diplomová práca

Saved in:
Bibliographic Details
Main Author: Bélai, Sebastián
Corporate Author: Fakulta podnikového manažmentu EU. Katedra manažmentu
Other Authors: Mišún, Juraj, 1978-
Format: Book
Language:Slovak
Published: Bratislava 2025
Tags: Add Tag
No Tags, Be the first to tag this record!

MARC

LEADER 00000nbm a2200000 4500
001 0309718
005 20251217134214.2
041 0 |a slo 
044 |a SK 
245 1 0 |a Riadenie interkultúrnych tímov na Slovensku a v krajinách Južnej Európy  |b diplomová práca  |c Sebastián Bélai ; školiteľ: Juraj Mišún 
264 1 |a Bratislava  |c 2025 
300 |a 100 s. 
100 1 |a Bélai, Sebastián 
700 1 |a Mišún, Juraj, 1978- 
710 2 |a Fakulta podnikového manažmentu EU. Katedra manažmentu